Statistiche per Verbi italiani più usati

Clicka qui per fare il quiz!

Statistiche generali

  • Questo quiz è stato fatto 2.167 volte
  • Il punteggio medio è 42 su 100

Statistiche sulle risposte

PosizioneVerbo% Corretto
16Mangiare
95%
1Essere
90%
2Avere
89%
22Bere
88%
4Fare
86%
3Andare
81%
29Dormire
81%
17Parlare
76%
54Correre
70%
21Leggere
70%
30Scrivere
70%
11Dire
69%
38Giocare
69%
12Vedere
67%
32Sentire
66%
43Guardare
64%
34Studiare
62%
27Amare
60%
60Ascoltare
58%
9Dare
58%
14Prendere
56%
61Cantare
55%
69Lavare
55%
6Volere
55%
41Comprare
54%
37Lavorare
54%
5Potere
53%
51Morire
52%
39Aprire
51%
81Pulire
51%
57Chiudere
50%
15Uscire
50%
7Venire
50%
10Stare
48%
66Alzare
47%
24Mettere
47%
45Pensare
47%
28Vivere
47%
8Dovere
46%
44Salire
44%
13Sapere
43%
71Scendere
42%
47Tornare
42%
79Entrare
41%
63Portare
41%
35Trovare
41%
89Vendere
41%
88Viaggiare
40%
73Sedere
39%
70Vestire
39%
33Chiedere
38%
96Ridere
38%
40Chiamare
37%
59Lasciare
37%
26Partire
37%
55Perdere
37%
98Spegnere
36%
46Cercare
34%
65Nascere
34%
74Svegliare
34%
78Cadere
33%
20Capire
33%
58Credere
33%
19Finire
33%
84Imparare
33%
64Pagare
33%
68Rispondere
32%
42Tenere
32%
72Vincere
32%
18Piacere
30%
23Arrivare
29%
31Conoscere
28%
52Passare
27%
92Preparare
27%
86Cambiare
26%
80Cuocere
26%
91Telefonare
26%
62Aspettare
25%
67Ricevere
25%
77Dimenticare
24%
25Rimanere
24%
49Cominciare
22%
76Incontrare
22%
82Restare
22%
93Ricordare
22%
94Aiutare
21%
53Scegliere
21%
48Abitare
19%
100Ritornare
18%
97Visitare
18%
56Decidere
16%
83Diventare
16%
75Offrire
16%
50Riuscire
16%
85Divertire
15%
87Seguire
15%
95Mancare
14%
36Preferire
14%
90Tradurre
14%
99Succedere
12%

Distribuzione punteggi

Percentile per numero di risposta

Percentuale di utenti per punteggio

I tuoi punteggi nel tempo

Non hai fatto questo quiz